000 00582nam a2200205Ia 4500
003 GCL
008 140319s9999 xx 000 0 eng d
020 _a477003007X
040 _aGCL /
_cGCL
082 0 4 _a895.6
_bI U
100 1 _aISHIHARA , SHINTARO
245 1 0 _aUNDERCURRENTS :
_bEPISODES FROM A LIFE ON THE EDGE /
_cISHIHARA , SHINTARO
700 1 _aLAMMERS , WAYNE P
250 _aFIRST
260 _aاليابان :
_bKODANSHA INTERNATIONAL ،
_c2005
300 _a255 P ؛
_c23 cm.
650 0 4 _aJAPANESE LITERATURE
650 0 4 _aJAPANESE FICTION
942 _2ddc
_cBK
999 _c7879
_d7879